000 00658nam a2200229 a 4500
999 _c3758
_d3758
001 3758
003 BD-JhCC
005 20171118113811.0
008 171118s19932007bg |||| ||a| 000 0 ben d
020 _a9844650062
035 _a(BD-JhCC)3758
040 _aBD-JhCC
_dBD-JhCC
041 _aben
082 _a891.4415
_bSHA 2007
100 _aকাদরী, শহীদ
245 _aশহীদ কাদরীর কবিতা /
_cশহীদ কাদরী,
260 _aঢাকা :
_bসাহিত্য প্রকাশ,
_c2007
300 _a171 p. :
_c20 cm.
650 _aCollection of Poems
942 _2ddc
_cBK